| 000 | 00690nam a2200205 i 4500 | ||
|---|---|---|---|
| 001 | 36567 | ||
| 003 | ES-MaACL | ||
| 007 | t| | ||
| 008 | 030218s1983 sp ||||1| spa d | ||
| 100 | 1 |
_aBrown, Harold I. _931995 |
|
| 245 | 1 | 3 |
_aLa nueva filosofía de la ciencia / _cHarold I. Brown ; [traducción de Guillermo Solana Díez y Hubert Marraud González]. |
| 260 |
_aMadrid : _bTecnos, _c[1983] |
||
| 300 |
_a235 p. ; _c22 cm. |
||
| 490 | 1 | _aSerie de filosofía y ensayo | |
| 700 | 1 |
_aSolana Díez, Guillermo. _9107072 |
|
| 700 | 1 |
_aMarraud González, Hubert. _977061 |
|
| 830 | 0 |
_aSerie de filosofía y ensayo _9182827 |
|
| 852 |
_aES-MaACL _jL-5900 _bR.106424 |
||
| 999 |
_c36567 _d36567 |
||